Statistics for World Cities by Clue Quiz #1

Click here to take the quiz!

General Stats

  • This quiz has been taken 46,635 times
    (46,614 since last reset)
  • The average score is 13 of 20

Answer Stats

Clues City % Correct
Piccadilly Circus, Westminster Abbey, FogLondon
99%
Julius Caesar, Pope, ForumRome
98%
Gondolas, Piazza San Marco, DogeVenice
90%
Opera House, Bondi Beach, Botany BaySydney
90%
Kremlin, Cold, Ivan the TerribleMoscow
88%
Canals, Red Light District, Van GoghAmsterdam
84%
Tiananmen, Forbidden City, SmogBeijing
83%
Oktoberfest, BMW, MarienplatzMunich
80%
Bosphorus, Constantinople, Hagia SofiaIstanbul
76%
Pizza, Vesuvius, Three-flavor Ice CreamNaples
72%
Tallest Building, Palm Island, ExpatriatesDubai
72%
Kowloon, Bruce Lee, British EmpireHong Kong
67%
Western Wall, Dome of the Rock, KnessetJerusalem
63%
Evita, Río de la Plata, TangoBuenos Aires
61%
Cu Chi Tunnels, Pearl of the Orient,
Named for a Communist
Ho Chi Minh
City
44%
McGill, Saint Lawrence River, BagelsMontreal
42%
Brummies, Black Sabbath, Peaky BlindersBirmingham
40%
Founded by Ulysses, 1755 Earthquake,
S.L. Benfica
Lisbon
37%
Canals, Colin Farrell Movie, BelfryBruges
29%
Avenida Revolución, Drug Cartel,
Caesar Salad
Tijuana
19%

Score Distribution

Percentile by Number Answered

Percent of People with Each Score

Your Score History

You have not taken this quiz since the last reset